| 000 | 00377cam a2200145ua 4500 | ||
|---|---|---|---|
| 041 |
_aeng _h |
||
| 082 |
_a530 _bPER/PH |
||
| 100 | _aPerelman, Yakov . | ||
| 245 |
_aPhysics for entertainment Book I / _cYakov Perelman. _hTextual Documents |
||
| 260 |
_a : _bForign Lanquage publishing house , _c1961. |
||
| 300 | _a210 ; . | ||
| 504 | _a | ||
| 942 | _cBK | ||
| 999 |
_c3397 _d3397 |
||